[Event "New Zealand Championship"]
[Site "Palmerston North"]
[Date "2024.01.10"]
[Round "9.11"]
[White "Praveen, Jeeva"]
[Black "Lee, Miles"]
[Result "0-1"]
[PlyCount "124"]
[SourceVersionDate "2024.01.15"]
[WhiteElo "1640"]
[BlackElo "1968"]

1. e4 c5 2. Nf3 Nc6 3. Bb5 Nf6 4. e5 Nd5 5. c3 g6 6. O-O Bg7 7. d4 cxd4 8. cxd4
O-O 9. Nc3 Nc7 10. Bd3 d6 11. Bf4 dxe5 12. dxe5 Bg4 13. Re1 Ne6 14. Bg3 Qa5 15.
Qa4 Qxa4 16. Nxa4 Rad8 17. Be4 Bxf3 18. Bxf3 Ned4 19. Bxc6 Nxc6 20. Nc5 Rd2 21.
Rab1 Nd4 22. Ne4 Rc2 23. Nc3 Rc8 24. Re4 Ne6 25. Ra4 a6 26. Rb4 Nc5 27. Nd5 Kf8
28. h3 Rd8 29. Ne3 Rcd2 30. Kh2 Nd3 31. Rxb7 Nxf2 32. Rf1 Ne4 33. e6 f5 34. Bc7
Rc8 35. Nc4 Rc2 36. b3 Bf6 37. Ba5 Rxa2 38. Bb4 Nc5 39. Bxc5 Rxc5 40. Re1 Rb5
41. Rxb5 axb5 42. Nb6 Bg5 43. Nd5 Rd2 44. Nc3 b4 45. Na4 Bf4+ 46. Kg1 Bg3 47.
Rc1 Kg7 48. Kf1 Rf2+ 49. Kg1 Re2 50. Nc5 Kf6 51. Kf1 Rf2+ 52. Kg1 Rb2 53. Kf1
Bd6 54. Nb7 Kxe6 55. Na5 Bg3 56. Nc6 Bd6 57. Rd1 Kf6 58. Rd3 h5 59. h4 Rc2 60.
Na5 Rc3 61. Rxc3 bxc3 62. Ke2 c2 0-1

[Event "New Zealand Championship"]
[Site "Palmerston North"]
[Date "2024.01.10"]
[Round "9.12"]
[White "VanMeter, Lester"]
[Black "Ker, Anthony F"]
[Result "1/2-1/2"]
[PlyCount "90"]
[SourceVersionDate "2024.01.15"]
[WhiteElo "1810"]
[BlackElo "2249"]

1. d4 Nf6 2. Nf3 e6 3. c4 Bb4+ 4. Bd2 Qe7 5. g3 Nc6 6. Bg2 Bxd2+ 7. Nbxd2 O-O
8. O-O d6 9. e3 e5 10. d5 Nb8 11. b4 a5 12. a3 Na6 13. Nb3 Bg4 14. Qe1 b6 15.
h3 Bxf3 16. Bxf3 Qd7 17. b5 a4 18. bxa6 axb3 19. Kg2 Qa4 20. Qc3 Nd7 21. Rfb1
Nc5 22. Bd1 Rxa6 23. Bxb3 Qd7 24. a4 Rfa8 25. Ra3 h5 26. Rba1 Nxa4 27. Bxa4
Rxa4 28. Rxa4 Rxa4 29. Rxa4 Qxa4 30. Qd3 g6 31. g4 hxg4 32. hxg4 Kf8 33. Kg3
Ke7 34. f4 Qa1 35. Kg2 Qb2+ 36. Kg3 Qc1 37. Kg2 Kd8 38. fxe5 Qb2+ 39. Kf3 Qxe5
40. Qa3 Ke7 41. Qa7 Qf6+ 42. Kg3 Qe5+ 43. Kf3 Kd7 44. Qa4+ Kd8 45. Qa8+ Kd7
1/2-1/2

[Event "New Zealand Championship"]
[Site "Palmerston North"]
[Date "2024.01.10"]
[Round "9.14"]
[White "Yu, Zachary"]
[Black "Chang, Yolanda"]
[Result "0-1"]
[PlyCount "66"]
[SourceVersionDate "2024.01.15"]
[WhiteElo "1861"]
[BlackElo "1595"]

1. c4 e6 2. Nc3 d5 3. d4 Nf6 4. Nf3 c6 5. Bg5 Be7 6. e3 Nbd7 7. Qc2 O-O 8. h4
Re8 9. Be2 Nf8 10. Ne5 N6d7 11. Bxe7 Qxe7 12. Nxd7 Bxd7 13. f4 Rac8 14. c5 f6
15. O-O-O e5 16. fxe5 fxe5 17. g4 b6 18. cxb6 axb6 19. e4 exd4 20. Rxd4 b5 21.
a3 Ne6 22. Rdd1 d4 23. Na2 c5 24. Qb3 c4 25. Qb4 Qxb4 26. Nxb4 d3 27. Kb1 dxe2
28. Rxd7 Nc5 29. Rd5 Rxe4 30. Re1 Ne6 31. Rd2 Nd4 32. Nd5 Rce8 33. Nc3 Rxg4 0-1

[Event "New Zealand Championship"]
[Site "Palmerston North"]
[Date "2024.01.10"]
[Round "9.16"]
[White "McDonald, Duncan"]
[Black "Wang, Justin Zhide"]
[Result "1/2-1/2"]
[PlyCount "108"]
[SourceVersionDate "2024.01.15"]
[WhiteElo "1657"]
[BlackElo "1667"]

1. e4 e6 2. d4 d5 3. Nd2 Nf6 4. e5 Nfd7 5. Bd3 c5 6. c3 Nc6 7. Ne2 cxd4 8. cxd4
f6 9. exf6 Nxf6 10. O-O Bd6 11. Nf3 O-O 12. Bg5 Qc7 13. Bh4 e5 14. dxe5 Nxe5
15. Nxe5 Bxe5 16. Bg3 Bxg3 17. Nxg3 Qb6 18. Qb3 Qxb3 19. axb3 Bd7 20. Rfe1 a6
21. Nf5 Bxf5 22. Bxf5 g6 23. Bh3 Rae8 24. Kf1 Ne4 25. Re2 Ng5 26. Rxe8 Rxe8 27.
Bg4 h5 28. Be2 Kf7 29. Rd1 Rd8 30. f4 Ne6 31. Bf3 Nxf4 32. g3 Ne6 33. Rxd5 Rxd5
34. Bxd5 b6 35. Kf2 Kf6 36. Bxe6 Kxe6 37. Ke3 Ke5 38. b4 g5 39. h3 Kd5 40. Kd3
Ke5 41. Ke3 Kd5 42. Kd3 a5 43. bxa5 bxa5 44. b3 Kc5 45. Kc3 Kb5 46. Kb2 Kb4 47.
Kc2 Kb5 48. Kb2 Kc6 49. Kc2 Kb5 50. Kb2 Kc6 51. Kc2 Kb6 52. Kb2 Kb5 53. Ka3 Kc6
54. Ka4 Kb6 1/2-1/2

[Event "New Zealand Championship"]
[Site "Palmerston North"]
[Date "2024.01.10"]
[Round "9.17"]
[White "Sun, Wanyao Sarah"]
[Black "Thurner, Anya"]
[Result "0-1"]
[PlyCount "106"]
[SourceVersionDate "2024.01.15"]
[WhiteElo "1614"]
[BlackElo "1648"]

1. e4 e5 2. Nf3 Nc6 3. d4 exd4 4. Nxd4 Bc5 5. Nb3 Bb6 6. Nc3 Nf6 7. Qe2 d6 8.
Be3 Be6 9. Qd2 Bxe3 10. Qxe3 O-O 11. O-O-O a5 12. Nc5 Qe7 13. Nxe6 Qxe6 14. f3
Nb4 15. Kb1 Rfb8 16. b3 a4 17. Bc4 Qe8 18. g4 b5 19. Be2 Qc6 20. Rd2 Qa6 21. h4
c5 22. Rhd1 Ne8 23. e5 c4 24. e6 d5 25. exf7+ Kxf7 26. Qf4+ Kg8 27. bxa4 bxa4
28. Ka1 Qb6 29. Qe5 Nc7 30. Rb1 d4 31. Bxc4+ Kh8 32. Nb5 Nxb5 33. Rxb4 Qa5 34.
Qc5 Qxb4 35. Qxb4 Nc3 36. Qb2 Rxb2 37. Kxb2 Rb8+ 38. Bb3 axb3 39. cxb3 Rd8 40.
a4 Kg8 41. a5 Kf7 42. Kc2 Ke6 43. Kd3 Kd5 44. b4 Re8 45. Rf2 Re3+ 46. Kc2 Kc4
47. a6 Re6 48. b5 Nxb5 49. h5 Rxa6 50. Kc1 Nc3 51. Rb2 Kd3 52. Rd2+ Ke3 53. Rb2
d3 0-1

[Event "New Zealand Championship"]
[Site "Palmerston North"]
[Date "2024.01.10"]
[Round "9.18"]
[White "Gan, Emily Cathay"]
[Black "Langford, Joshua"]
[Result "1/2-1/2"]
[PlyCount "55"]
[SourceVersionDate "2024.01.15"]
[WhiteElo "1570"]
[BlackElo "1869"]

1. c4 e6 2. Nc3 d5 3. d4 a6 4. e3 Nf6 5. Nf3 Nbd7 6. Bd3 dxc4 7. Bxc4 b5 8. Bd3
Bb7 9. O-O c5 10. b3 Rc8 11. Bb2 Be7 12. Re1 O-O 13. e4 cxd4 14. Nxd4 Nc5 15.
Bc2 b4 16. e5 bxc3 17. exf6 cxb2 18. fxe7 Qxe7 19. Rb1 Rfd8 20. b4 Qf6 21. bxc5
Rxd4 22. Qe2 Rcd8 23. Rxb2 Rd2 24. Bxh7+ Kxh7 25. Rxd2 Qg5 26. f4 Qxc5+ 27. Qf2
Qe7 28. Rxd8 1/2-1/2

[Event "New Zealand Championship"]
[Site "Palmerston North"]
[Date "2024.01.10"]
[Round "9.19"]
[White "Metge, J Nigel"]
[Black "Braganza, Nadia"]
[Result "1-0"]
[PlyCount "113"]
[SourceVersionDate "2024.01.15"]
[WhiteElo "1787"]
[BlackElo "1808"]

1. d4 d5 2. c4 e6 3. Nc3 Nf6 4. Bg5 Be7 5. e3 O-O 6. cxd5 Nxd5 7. Bxe7 Qxe7 8.
Bd3 Nxc3 9. bxc3 c5 10. Nf3 Nc6 11. O-O b6 12. Re1 Bb7 13. e4 cxd4 14. cxd4 Nb4
15. Bb1 Rfd8 16. a3 Na6 17. Ra2 Rac8 18. h4 Rc3 19. Qd2 Rdc8 20. d5 exd5 21.
exd5 Qd7 22. Bf5 Qxf5 23. Qxc3 h6 24. Qe5 Qd3 25. Rd2 Qxa3 26. d6 Bc6 27. d7
Rd8 28. Qe8+ Qf8 29. Qxd8 Qxd8 30. Re8+ Qxe8 31. dxe8=Q+ Bxe8 32. Rd8 Kf8 33.
Ra8 Nc5 34. Rxa7 b5 35. Kf1 b4 36. Ke2 Bb5+ 37. Kd2 b3 38. Kc3 Ne4+ 39. Kxb3
Nxf2 40. Ne5 f6 41. Ng6+ Kg8 42. h5 Ne4 43. Kb4 Bf1 44. Nf4 Ng3 45. Kc5 Nf5 46.
Ra1 Ng3 47. Ra8+ Kf7 48. Ra7+ Kg8 49. Ne6 Nxh5 50. g4 Bh3 51. Ra4 Kf7 52. Kd6
Ng3 53. Ra7+ Kg8 54. Rxg7+ Kh8 55. Rg6 Kh7 56. Nf8+ Kh8 57. Rxh6+ 1-0

[Event "New Zealand Championship"]
[Site "Palmerston North"]
[Date "2024.01.10"]
[Round "9.20"]
[White "Wang, Aaron Ziwen"]
[Black "Malcolm, Leo"]
[Result "1-0"]
[PlyCount "33"]
[SourceVersionDate "2024.01.15"]
[WhiteElo "1669"]
[BlackElo "1688"]

1. c4 e5 2. Nc3 Nf6 3. g3 c6 4. d4 exd4 5. Qxd4 Qa5 6. Bg2 d5 7. cxd5 Bc5 8.
Qe5+ Kd8 9. Bg5 Nbd7 10. Bxf6+ Nxf6 11. O-O-O Bd7 12. dxc6 bxc6 13. Bxc6 Rc8
14. Qxf6+ gxf6 15. Rxd7+ Ke8 16. Rxa7+ Rxc6 17. Rxa5 1-0

[Event "New Zealand Championship"]
[Site "Palmerston North"]
[Date "2024.01.10"]
[Round "9.21"]
[White "Weng, Winston"]
[Black "Zhu, David Junyang"]
[Result "1/2-1/2"]
[PlyCount "96"]
[SourceVersionDate "2024.01.15"]
[WhiteElo "1738"]
[BlackElo "1721"]

1. d4 Nf6 2. c4 e6 3. Nf3 d5 4. Nc3 Bb4 5. Bg5 h6 6. Bxf6 Qxf6 7. e3 O-O 8. Qb3
c5 9. cxd5 exd5 10. a3 Bxc3+ 11. Qxc3 b6 12. Rc1 c4 13. Be2 Nd7 14. O-O Re8 15.
Nd2 Bb7 16. Bf3 b5 17. a4 a6 18. b4 Nb6 19. a5 Nc8 20. Nb1 Nd6 21. Qb2 Rad8 22.
Nc3 Qg5 23. Qe2 Nf5 24. Rfd1 Nd6 25. Qf1 Re6 26. g3 Ne4 27. Qg2 f5 28. Ne2 Qe7
29. Rb1 Kh7 30. Bxe4 fxe4 31. Rd2 g5 32. Kf1 Rf6 33. Ke1 Rdf8 34. Nc3 Qf7 35.
Rbb2 Qh5 36. Re2 Qf3 37. Qxf3 Rxf3 38. Kf1 h5 39. Kg2 h4 40. Re1 Kg6 41. Rc2
Rd8 42. Ne2 Rdf8 43. Nc3 Kf5 44. Ne2 Ke6 45. Ng1 R3f7 46. g4 h3+ 47. Nxh3 Kf6
48. Ng1 Bc8 1/2-1/2

[Event "New Zealand Championship"]
[Site "Palmerston North"]
[Date "2024.01.10"]
[Round "9.22"]
[White "Xu, Luna Yuexiu"]
[Black "Baker, Ilias Angelo (Leo)"]
[Result "0-1"]
[PlyCount "148"]
[SourceVersionDate "2024.01.15"]
[WhiteElo "1407"]
[BlackElo "1649"]

1. e4 c5 2. Nf3 Nc6 3. d4 cxd4 4. Nxd4 e5 5. Nb5 a6 6. Nd6+ Bxd6 7. Qxd6 Qe7 8.
Qxe7+ Ngxe7 9. Nc3 d5 10. Nxd5 Nxd5 11. exd5 Nb4 12. Bd3 Nxd3+ 13. cxd3 Bf5 14.
Ke2 Rd8 15. Be3 Rxd5 16. Rhd1 O-O 17. d4 e4 18. Rac1 Bg4+ 19. f3 exf3+ 20. gxf3
Be6 21. Rc5 Rfd8 22. b3 b6 23. Rc6 Rh5 24. Bf4 Rf5 25. Bg3 Bd5 26. Rc3 Re8+ 27.
Kf2 g5 28. Rdd3 g4 29. f4 Re4 30. Rc8+ Kg7 31. Rb8 Rf6 32. Rd8 Rf5 33. Rd6 Re6
34. Rxe6 Bxe6 35. Rc3 Rd5 36. Ke3 Ra5 37. Rc2 Kf6 38. Be1 Rh5 39. Bg3 Rh3 40.
Kf2 h5 41. Kg1 Kf5 42. Rc6 h4 43. Be1 g3 44. Bxg3 hxg3 45. hxg3 Rh1+ 46. Kf2
Rh2+ 47. Ke3 Rxa2 48. Rxb6 Ra3 49. g4+ Kxg4 50. Ke4 Ra5 51. b4 Bf5+ 52. Ke3
Ra3+ 53. Ke2 Be6 54. Kd2 Kxf4 55. b5 axb5 56. Rxb5 Ke4 57. Rb4 Rd3+ 58. Ke2
Rxd4 59. Rb7 Bg4+ 60. Kf2 Kf4 61. Rxf7+ Bf5 62. Ke2 Rc4 63. Kd2 Rc2+ 64. Kd1
Rg2 65. Ke1 Ke4 66. Re7+ Kd3 67. Rf7 Be4 68. Kf1 Ke3 69. Re7 Rh2 70. Rg7 Rh1+
71. Rg1 Rh5 72. Rg8 Ra5 73. Rg3+ Bf3 74. Kg1 Ra1+ 0-1

[Event "New Zealand Championship"]
[Site "Palmerston North"]
[Date "2024.01.10"]
[Round "9.23"]
[White "Rowe, Abigail"]
[Black "Yu, Weiyang (Cadence)"]
[Result "0-1"]
[PlyCount "44"]
[SourceVersionDate "2024.01.15"]
[WhiteElo "1357"]
[BlackElo "1551"]

1. e4 c5 2. c3 d5 3. exd5 Qxd5 4. Nf3 Bg4 5. Be2 Nc6 6. Na3 e5 7. h3 Bh5 8. O-O
Be7 9. Bc4 Qd6 10. Re1 Nf6 11. d3 a6 12. Bg5 O-O 13. Nc2 b5 14. Bb3 Rad8 15. a3
Nd5 16. Bxe7 Qxe7 17. d4 c4 18. Ba2 Nf4 19. Re3 e4 20. Qe1 Bxf3 21. gxf3 Qg5+
22. Kf1 Qg2# 0-1

[Event "New Zealand Championship"]
[Site "Palmerston North"]
[Date "2024.01.10"]
[Round "9.24"]
[White "Burns, Christopher J"]
[Black "Ng, Lok Jim (Lauren)"]
[Result "1-0"]
[PlyCount "85"]
[SourceVersionDate "2024.01.15"]
[WhiteElo "1926"]
[BlackElo "1348"]

1. e4 c5 2. Nc3 Nc6 3. Nf3 e6 4. d4 cxd4 5. Nxd4 a6 6. g3 Qc7 7. Bg2 Nf6 8. O-O
Be7 9. Re1 d6 10. a4 O-O 11. Be3 Nxd4 12. Qxd4 Bd7 13. h3 Bc6 14. a5 Rad8 15.
Qd3 Qd7 16. Bb6 Rc8 17. Rad1 e5 18. Kh2 Bb5 19. Nxb5 Qxb5 20. Qxb5 axb5 21. c3
Nd7 22. Be3 Nc5 23. Rd5 f6 24. b4 Ne6 25. Rxb5 Nd8 26. Rc1 f5 27. exf5 Rxf5 28.
Rxb7 Nxb7 29. Bxb7 Rd8 30. a6 Rff8 31. Bd5+ Kh8 32. b5 h6 33. b6 Bg5 34. a7
Bxe3 35. fxe3 Rf2+ 36. Kg1 Rb2 37. b7 Rb5 38. a8=Q Rxa8 39. bxa8=Q+ Kh7 40.
Be4+ g6 41. Rf1 h5 42. Qf8 d5 43. Rf7# 1-0